Road Maps of the Transition : The Baltics, the Czech Republic, Hungary, and Russia /

Four papers analyze the process of transition to a market economy in the Baltics, the Czech Republic, Hungary, and Russia through early 1995.

Dades bibliogràfiques
Autor principal: Marrese, Michael
Altres autors: Koen, Vincent, Lutz, Mark, Saavalainen, Tapio
Format: Revista
Idioma:English
Publicat: Washington, D.C. : International Monetary Fund, 1995.
Col·lecció:Occasional Papers; Occasional Paper ; No. 1995/010
Accés en línia:Full text available on IMF
LEADER 01364cas a2200277 a 4500
001 AALejournalIMF012198
008 230101c9999 xx r poo 0 0eng d
020 |c 15.00 USD 
020 |z 9781557755193 
022 |a 0251-6365 
040 |a BD-DhAAL  |c BD-DhAAL 
100 1 |a Marrese, Michael. 
245 1 0 |a Road Maps of the Transition :   |b The Baltics, the Czech Republic, Hungary, and Russia /  |c Michael Marrese, Mark Lutz, Tapio Saavalainen, Vincent Koen. 
264 1 |a Washington, D.C. :  |b International Monetary Fund,  |c 1995. 
300 |a 1 online resource (78 pages) 
490 1 |a Occasional Papers 
500 |a <strong>Off-Campus Access:</strong> No User ID or Password Required 
500 |a <strong>On-Campus Access:</strong> No User ID or Password Required 
506 |a Electronic access restricted to authorized BRAC University faculty, staff and students 
520 3 |a Four papers analyze the process of transition to a market economy in the Baltics, the Czech Republic, Hungary, and Russia through early 1995. 
538 |a Mode of access: Internet 
700 1 |a Koen, Vincent. 
700 1 |a Lutz, Mark. 
700 1 |a Saavalainen, Tapio. 
830 0 |a Occasional Papers; Occasional Paper ;  |v No. 1995/010 
856 4 0 |z Full text available on IMF  |u http://elibrary.imf.org/view/books/084/05998-9781557755193-en/05998-9781557755193-en-book.xml  |z IMF e-Library